The immunology of metabolic syndrome

Elmentve itt :
Bibliográfiai részletek
Szerző: Kovács László
Dokumentumtípus: Vegyes gyűjtemény
Tárgyszavak:
Online Access:http://eta.bibl.u-szeged.hu/2893
LEADER 00647npc a2200169 i 4500
001 eta2893
005 20211008112149.0
008 200710suuuu hu o 0|| eng d
040 |a SZTE Elektronikus Tananyag Archívum  |b hun 
041 |a eng 
100 1 |a Kovács László 
245 1 4 |a The immunology of metabolic syndrome  |h [elektronikus dokumentum] /  |c  Kovács László 
650 4 |a Orvos- és egészségtudomány 
650 4 |a Általános orvostudomány 
650 4 |a Immunológia 
856 4 0 |u https://eta.bibl.u-szeged.hu/2893/1/kovacs_laszlo.pdf  |z Dokumentum-elérés  
856 4 0 |u https://eta.bibl.u-szeged.hu/2893/8/kovacs_laszlo_003.mp4  |z Dokumentum-elérés